|
|
|
|
| LEADER |
00962nam a22002537a 4500 |
| 001 |
37841 |
| 003 |
BD-DhAAL |
| 008 |
220224t2004 ii a|||| b||| 00| 0 eng d |
| 999 |
|
|
|c 43579
|d 43579
|
| 020 |
|
|
|a 8176487805
|
| 020 |
|
|
|a 9788176487801
|
| 040 |
|
|
|a BD-DhAAL
|
| 082 |
|
|
|a 150
|2 23
|
| 100 |
|
|
|a Mahmud, Jafar
|9 46070
|
| 245 |
|
|
|a Introduction to psychology /
|c Jafar Mahmud
|
| 260 |
|
|
|a New Delhi :
|b A.P.H. Publishing Corporation,
|c 2004.
|
| 300 |
|
|
|a 315 pages :
|b illustrations ;
|c 23 cm.
|
| 504 |
|
|
|a Includes bibliographical references (pages 301-315).
|
| 526 |
|
|
|a BIED
|
| 541 |
|
|
|a Complimentary copy from BIED
|e 37841
|
| 650 |
|
|
|a Psychology.
|9 46071
|
| 852 |
|
|
|a Ayesha Abed Library
|c BIED Collection
|
| 942 |
|
|
|2 ddc
|c BK
|
| 952 |
|
|
|0 0
|1 0
|2 ddc
|4 0
|6 150_000000000000000_MAH
|7 0
|9 69892
|a BRACUL
|b BRACUL
|c GEN
|d 2022-02-24
|e Complimentary copy from BIED
|l 9
|m 25
|o 150 MAH
|p 3010037841
|r 2025-08-24
|s 2025-08-13
|t 1
|w 2022-02-24
|y BK
|x Transferred from BIED to General Stacks
|